Statistics for Long track speedskating world record holders

Click here to take the quiz!

General Stats

  • This quiz has been taken 8 times
  • The average score is 8 of 10

Answer Stats

DistanceAnswer% Correct
1000 meters womenBrittany Bowe
100%
1500 meters menKjeld Nuis
100%
500 meters womenLee Sang-Hwa
100%
5000 meters menTed-Jan Bloemen
100%
10000 meters menGraeme Fish
75%
3000 meters womenMartina Sáblíková
75%
500 meters menPavel Kulizhnikov
75%
1500 meters womenMiho Takagi
50%
5000 meters womenNatalia Voronina
50%
1000 meters menPavel Kulizhnikov
50%

Score Distribution

Percentile by Number Answered

Percent of People with Each Score

Your Score History

You have not taken this quiz